Matthew 1-7 / (Record no. 21566)

MARC details
000 -LEADER
fixed length control field 01410cam a2200385 a 4500
001 - CONTROL NUMBER
control field 970073
003 - CONTROL NUMBER IDENTIFIER
control field OSt
005 - DATE AND TIME OF LATEST TRANSACTION
control field 20260319135603.0
008 - FIXED-LENGTH DATA ELEMENTS--GENERAL INFORMATION
fixed length control field 850619s1985 ilu b 001 0 eng
010 ## - LIBRARY OF CONGRESS CONTROL NUMBER
LC control number 85015225
020 ## - INTERNATIONAL STANDARD BOOK NUMBER
International Standard Book Number 0802407552 :
Terms of availability $14.95
020 ## - INTERNATIONAL STANDARD BOOK NUMBER
International Standard Book Number 9780802407559
035 ## - SYSTEM CONTROL NUMBER
System control number 970073
040 ## - CATALOGING SOURCE
Original cataloging agency DLC
Transcribing agency DLC
Modifying agency DLC
050 00 - LIBRARY OF CONGRESS CALL NUMBER
Classification number BS2575.3
Item number .M24 1985
082 00 - DEWEY DECIMAL CLASSIFICATION NUMBER
Classification number 226/.2077
Edition number 19
100 1# - MAIN ENTRY--PERSONAL NAME
Personal name MacArthur, John,
Dates associated with a name 1939-
245 10 - TITLE STATEMENT
Title Matthew 1-7 /
Statement of responsibility, etc. John MacArthur, Jr.
260 ## - PUBLICATION, DISTRIBUTION, ETC. (IMPRINT)
Place of publication, distribution, etc. Chicago :
Name of publisher, distributor, etc. Moody Press,
Date of publication, distribution, etc. c1985.
300 ## - PHYSICAL DESCRIPTION
Extent xiii, 506 p. ;
Dimensions 24 cm.
336 ## - CONTENT TYPE
Content type term text
Content type code txt
Source rdacontent
337 ## - MEDIA TYPE
Media type term unmediated
Media type code n
Source rdamedia
338 ## - CARRIER TYPE
Carrier type term volume
Carrier type code nc
Source rdacarrier
490 1# - SERIES STATEMENT
Series statement The MacArthur New Testament commentary
500 ## - GENERAL NOTE
General note Includes indexes.
504 ## - BIBLIOGRAPHY, ETC. NOTE
Bibliography, etc Bibliography: p. 491-492.
630 00 - SUBJECT ADDED ENTRY--UNIFORM TITLE
Uniform title Bible.
Name of part/section of a work Matthew
General subdivision Commentaries.
800 1# - SERIES ADDED ENTRY--PERSONAL NAME
Personal name MacArthur, John,
Dates associated with a name 1939-
Title of a work MacArthur New Testament commentary.
856 42 - ELECTRONIC LOCATION AND ACCESS
Materials specified Publisher description
Uniform Resource Identifier <a href="http://www.loc.gov/catdir/enhancements/fy0609/85015225-d.html">http://www.loc.gov/catdir/enhancements/fy0609/85015225-d.html</a>
856 41 - ELECTRONIC LOCATION AND ACCESS
Materials specified Table of contents only
Uniform Resource Identifier <a href="http://www.loc.gov/catdir/enhancements/fy1202/85015225-t.html">http://www.loc.gov/catdir/enhancements/fy1202/85015225-t.html</a>
856 42 - ELECTRONIC LOCATION AND ACCESS
Materials specified Contributor biographical information
Uniform Resource Identifier <a href="http://www.loc.gov/catdir/enhancements/fy1202/85015225-b.html">http://www.loc.gov/catdir/enhancements/fy1202/85015225-b.html</a>
906 ## - LOCAL DATA ELEMENT F, LDF (RLIN)
a 7
b cbc
c orignew
d 1
e ocip
f 19
g y-gencatlg
942 ## - ADDED ENTRY ELEMENTS (KOHA)
Source of classification or shelving scheme Library of Congress Classification
Koha item type General Collection
Holdings
Withdrawn status Lost status Source of classification or shelving scheme Not for loan Home library Current library Shelving location Date acquired Source of acquisition Inventory number Total Checkouts Full call number Barcode Date last seen Copy number Price effective from Koha item type
    Library of Congress Classification   Kabarak, Main Campus Kabarak, Main Campus General Stacks 19/03/2026 Donation 2025/2498   BS2575.3 .M24 1985 C.1 38830 19/03/2026 C.1 19/03/2026 General Collection
Designed with assistance from East African Informatics Ltd